01015 2200349 4500001002100000005001500021035002000036245005500056100003800111250001300149300004000162006001800202007000300220008004100223700003900264264004900303336002100352337003000373338002300403082001000426084001600436020001800452650001700470504002400487500002200511990002200533990002200555990002200577990002200599990002200621990002200643INLIS00000000000481520260523110107 a0010-01220004471 aSerba-Serbi Olahan Beras /cWendi Widya Ratna Dewi1 aWendi Widya Ratna DewiePengarang a.-Cet. 1 aiv, 60 hlm. :billus. ;c15 x 21 cma ta260523 0 0 aEditor, Nunung Yuli EtiePengarang a.--Singkawang :bMarga Borneo Tarigas,c2018 2rdacontentaTeks 2rdamediaaTanpa Perantara 2rdacarrieraVolume a641.3 a641.3 WEN s a979-17030-7-9 4aOlahan Beras abibliografi, hlm 60 aGlosarium, 59 hlm a35.739/S/DPK/2021 a35.736/S/DPK/2021 a35.737/S/DPK/2021 a35.738/S/DPK/2021 a35/476/S/DPK/2021 a35.737/S/DPK/2021